| 000 | 00611nam a2200205Ia 4500 | ||
|---|---|---|---|
| 003 | GCL | ||
| 008 | 140319s9999 xx 000 0 ara d | ||
| 040 |
_aGCL / _cGCL |
||
| 082 | 0 | 4 |
_a813.088 _bت ح |
| 100 | 1 | _aليلى مبروك | |
| 245 | 1 | 0 |
_aحكايات سورة الكهف للاطفال / _cليلى مبروك |
| 260 |
_a[S.N] : _bالمختار الاسلامى للطبع والنشر والتوزيع ، _c1993 |
||
| 300 | _a71 ص | ||
| 490 | _a | ||
| 650 | 0 | 4 | _aتفاسير |
| 650 | 0 | 4 | _aسورة الكهف |
| 650 | 0 | 4 | _aكتب الاطفال |
| 650 | 0 | 4 | _aالقران |
| 942 |
_2ddc _cBK |
||
| 999 |
_c52912 _d52912 |
||